| 000 | 00459nab a2200145Ia 4500 | ||
|---|---|---|---|
| 003 | ES-SlBCS | ||
| 005 | 20210601125303.0 | ||
| 008 | 140529s1998 xxu||||| |||| 00| 0 eng d | ||
| 041 | _aeng | ||
| 100 | 1 |
_aWilson, George M. _9156337 |
|
| 245 | 0 | 0 |
_aSemantic Realism and Kripke's Wittgenstein _c George M. Wilson |
| 650 | 0 | 4 |
_aRealismo Semántico _9156338 |
| 773 | 0 |
_tPhilosophy and Phenomenological Research _gvol. 58, 1998, págs. 99-122 _wRev1411 |
|
| 942 | _cAR | ||
| 999 |
_c527867 _d527867 |
||